History of history writing in medieval India : (Record no. 130376)
[ view plain ]
| 000 -LEADER | |
|---|---|
| fixed length control field | 00845nam a22002297a 4500 |
| 005 - DATE AND TIME OF LATEST TRANSACTION | |
| control field | 20170124110111.0 |
| 010 ## - LIBRARY OF CONGRESS CONTROL NUMBER | |
| LC control number | A-408587 |
| 020 ## - INTERNATIONAL STANDARD BOOK NUMBER | |
| Terms of availability | 50.00 |
| 035 ## - SYSTEM CONTROL NUMBER | |
| System control number | A-408587 |
| 037 ## - SOURCE OF ACQUISITION | |
| Source of stock number/acquisition | Cen Lib/Ret |
| 040 ## - CATALOGING SOURCE | |
| Original cataloging agency | DPL |
| Language of cataloging | EN |
| 082 ## - DEWEY DECIMAL CLASSIFICATION NUMBER | |
| Classification number | 907.2 |
| Item number | SAR |
| 100 ## - MAIN ENTRY--PERSONAL NAME | |
| Personal name | Sarkar, Jagadish Narayan |
| 9 (RLIN) | 29043 |
| 245 ## - TITLE STATEMENT | |
| Title | History of history writing in medieval India : |
| Statement of responsibility, etc | by Jagadish Narayan Sarkar |
| Remainder of title | contemporary historians : an introduction to medieval Indian historiography / |
| 260 ## - PUBLICATION, DISTRIBUTION, ETC. (IMPRINT) | |
| Place of publication, distribution, etc | Calcutta |
| Name of publisher, distributor, etc | Ratna Prakashan |
| Date of publication, distribution, etc | 1977 |
| 270 ## - ADDRESS | |
| Address | 14/1, Peary Mohan Roy Road |
| City | Calcutta |
| Postal code | 700027 |
| 300 ## - PHYSICAL DESCRIPTION | |
| Extent | xix,195p. |
| Dimensions | 22cm(Hb) |
| 500 ## - GENERAL NOTE | |
| General note | Includes bibliographical references and index |
| 650 ## - SUBJECT ADDED ENTRY--TOPICAL TERM | |
| Topical term or geographic name as entry element | Middle Ages -- Historiography |
| 9 (RLIN) | 29044 |
| 650 ## - SUBJECT ADDED ENTRY--TOPICAL TERM | |
| Topical term or geographic name as entry element | India -- History -- 1000-1765 -- Historiography |
| 9 (RLIN) | 29045 |
| 942 ## - ADDED ENTRY ELEMENTS (KOHA) | |
| Source of classification or shelving scheme | Dewey Decimal Classification |
| Koha item type | English Books |
| Classification part | 907.2 |
| Call number suffix | SAR |
| Withdrawn status | Lost status | Damaged status | Not for loan | Home library | Current library | Date acquired | Source of acquisition | Cost, normal purchase price | Total Checkouts | Full call number | Barcode | Date last seen | Copy number | Cost, replacement price | Price effective from | Koha item type | Public note |
|---|---|---|---|---|---|---|---|---|---|---|---|---|---|---|---|---|---|
| Written off | Central Library | Central Library | 09/07/2015 | Cen Lib/Ret | 50.00 | 907.2 SAR | A-408587 | 09/07/2015 | 1 | 50.00 | 09/07/2015 | English Books | Written off on approval by DLB (By Circulation); dtd 15-06-2023 |
